[Event "BCF-ch U10"]
[Site "Llandudno"]
[Date "2017.08.01"]
[Round "3"]
[White "Bowcott Terry, Silas"]
[Black "Mendis, Arjuna1111"]
[Result "0-1"]
[WhiteElo "1022"]
[BlackElo "1157"]
[PlyCount "54"]
[EventDate "2017.07.30"]
[EventType "swiss"]
[EventRounds "7"]
[EventCountry "WLS"]
[SourceTitle "CBM 179 Extra"]
[Source "ChessBase"]
[SourceDate "2017.08.23"]
[SourceVersion "1"]
[SourceVersionDate "2017.08.23"]
[SourceQuality "1"]

1. d4 d5 2. Bf4 Nf6 3. e3 Nc6 4. c3 Bf5 5. Bd3 e6 6. Bxf5 exf5 7. Nd2 Bd6 8. Bg3 0-0 9. Qc2 Qd7 10. Ngf3 Rfe8 11. 0-0-0 b5 12. Bxd6 Qxd6 13. Qxf5 h6 14. Qd3 b4 15. cxb4 Nxb4 16. Qb3 a5 17. a3 Nc6 18. h4 a4 19. Qd3 Ne4 20. Qe2 Rab8 21. Nxe4 dxe4 22. Nh2 Rb3 23. Qc4 Reb8 24. Qxa4 Rxb2 25. d5 Ne5 26. Qxe4 Qc5+ 27. Qc4 Qxc4# 0-1